Tłumaczenie ''Dzień Dobry'' na języki europejskie - Statystyki

Ogólne statystyki
  • Ten quiz został rozwiązany 113 razy
  • Średni wynik to 5 z 38
Statystyki odpowiedzi
Język Tłumaczenie (transkrybcja) % Poprawnych
Angielski Good morning
75%
Polski Dzień dobry
74%
Niemiecki Guten morgen
60%
Francuski Bonjour
41%
Hiszpański Buenos dias
37%
Włoski Buon giorno
18%
Czeski Dobré ráno
14%
Słowacki Dobré ráno
14%
Portugalski Bom dia
13%
Bośniacki Dobro jutro
13%
Chorwacki Dobro jutro
13%
Serbski Dobro jutro
13%
Słoweński Dobro jutro
13%
Grecki Kaliméra
11%
Duński God morgen
10%
Norweski God morgen
10%
Niderlandzki Goedemorgen
8%
Maltański Bongu
7%
Bułgarski Dobro utro
7%
Macedoński Dobro utro
7%
Szwedzki God morgon
7%
Łotewski Labrīt
5%
Albański Miremengjes
4%
Rosyjski Dobroye utro
4%
Kataloński Bon dia
3%
Rumuński Buna dimineata
3%
Estoński Tere hommikust
3%
Białoruski Dobraj ranicy
3%
Ukraiński Dobroho ranku
3%
Luksemburski Gudde Moien
3%
Litewski Labas rytas
3%
Łaciński Bonum mane
2%
Islandzki Góðan daginn
2%
Turecki Günaydın
2%
Fiński Hyvää huomenta
2%
Irlandzki Maidin mhaith
2%
Węgierski Jó reggelt kívánok
1%
Kazachski Qayırlı tañ
1%
Nie znaleziono quizów pasujących do podanych kryteriów
Rozkład punktacji
Procent ludzi z każdym wynikiem
Percentyl według liczby udzielonych odpowiedzi
Twoja historia wyników
Nie rozwiązałeś tego quizu